<?xml version="1.0" encoding="UTF-8"?>
<record
    xmlns:xsi="http://www.w3.org/2001/XMLSchema-instance"
    xsi:schemaLocation="http://www.loc.gov/MARC21/slim http://www.loc.gov/standards/marcxml/schema/MARC21slim.xsd"
    xmlns="http://www.loc.gov/MARC21/slim">

  <leader>02482nam a2200253Ia 4500</leader>
  <controlfield tag="003">OSt</controlfield>
  <controlfield tag="005">20210915083503.0</controlfield>
  <controlfield tag="008">210310s2014    mx ad  gr     000 0 spa d</controlfield>
  <datafield tag="020" ind1=" " ind2=" ">
    <subfield code="a">9786079357078</subfield>
  </datafield>
  <datafield tag="040" ind1=" " ind2=" ">
    <subfield code="a">CO-JMCR</subfield>
    <subfield code="c">CO-JMCR</subfield>
  </datafield>
  <datafield tag="041" ind1="0" ind2=" ">
    <subfield code="a">spa</subfield>
  </datafield>
  <datafield tag="082" ind1=" " ind2=" ">
    <subfield code="a">796.334 /</subfield>
    <subfield code="b">M941e</subfield>
    <subfield code="2">23</subfield>
  </datafield>
  <datafield tag="100" ind1="1" ind2=" ">
    <subfield code="a">Murayama, Ciro, </subfield>
    <subfield code="e">autor </subfield>
    <subfield code="9">28279</subfield>
  </datafield>
  <datafield tag="245" ind1="1" ind2="3">
    <subfield code="a">La econom&#xED;a del futbol / </subfield>
    <subfield code="c">Ciro Murayama </subfield>
  </datafield>
  <datafield tag="250" ind1=" " ind2=" ">
    <subfield code="a">Primera edici&#xF3;n</subfield>
  </datafield>
  <datafield tag="260" ind1=" " ind2=" ">
    <subfield code="a">M&#xE9;xico : </subfield>
    <subfield code="b">Cal y arena, </subfield>
    <subfield code="c">2014.</subfield>
  </datafield>
  <datafield tag="300" ind1=" " ind2=" ">
    <subfield code="a">167 p&#xE1;ginas : </subfield>
    <subfield code="b">ilustraciones y gr&#xE1;ficas en blanco y negro ; </subfield>
    <subfield code="c">23 cm.</subfield>
  </datafield>
  <datafield tag="505" ind1="0" ind2=" ">
    <subfield code="a">El futbol como actividad econ&#xF3;mica. -- El futbol  y los medios de comunicaci&#xF3;n. -- Los mercados laborales en el futbol. -- Futbol e ilegalidad econ&#xF3;mica. -- Tiempo extra.</subfield>
  </datafield>
  <datafield tag="520" ind1="0" ind2=" ">
    <subfield code="a">Entretenimiento masivo, distractor popular, fiesta colectiva, deporte de multitudes, "opio del pueblo", se&#xF1;al de identidad, el futbol es al mismo tiempo un gran y complejo mercado econ&#xF3;mico que abarca el intercambio de bienes y servicios, las relaciones laborales y el sector financiero. Todos los agentes que est&#xE1;n presentes en cualquier industria se dan cita en el futbol: empresas -equipos-, consumidores -aficionados-, intermediarios -agentes de jugadores-, reguladores -la FIFA y los gobiernos nacionales-, trabajado res -futbolistas-, bienes de capital -estadios e instalaciones deportivas-, estrategias de mercadotecnia, agencias calificadoras -que eval&#xFA;an la salud econ&#xF3;mica de clubes y ligas y hacen pron&#xF3;sticos de resultados-, agentes financieros -que suministran cr&#xE9;ditos a los equipos- y un amplio entramado medi&#xE1;tico que difunde el producto del futbol a escala planetaria en la era de la globalizaci&#xF3;n econ&#xF3;mica.
El inter&#xE9;s profesional de los economistas en los deportes inici&#xF3; a me diados del siglo XX cuando se profesionalizaron los torneos entre equipos en Estados Unidos; m&#xE1;s adelante se desarrollaron en Inglaterra los primeros estudios econ&#xF3;micos del balompi&#xE9;.
Este libro subraya la relevancia econ&#xF3;mica del futbol y a la vez pone &#xE9;nfasis en c&#xF3;mo las decisiones econ&#xF3;micas inciden sobre lo que ocurre en el terreno de juego. Desde esa perspectiva, se&#xF1;ala que en M&#xE9;xico hay un campo abierto para que a partir de una mejor organizaci&#xF3;n y regulaci&#xF3;n econ&#xF3;mica mejore la calidad de nuestro futbol.</subfield>
  </datafield>
  <datafield tag="650" ind1="1" ind2="4">
    <subfield code="a">F&#xFA;tbol </subfield>
    <subfield code="v">Aspectos econ&#xF3;micos</subfield>
    <subfield code="9">28281</subfield>
  </datafield>
  <datafield tag="650" ind1="2" ind2="4">
    <subfield code="a">Actividad econ&#xF3;mica </subfield>
    <subfield code="v">Futbol</subfield>
    <subfield code="9">40407</subfield>
  </datafield>
  <datafield tag="650" ind1="2" ind2="4">
    <subfield code="a">Medios de comunicaci&#xF3;n </subfield>
    <subfield code="v">Futbol</subfield>
    <subfield code="9">40408</subfield>
  </datafield>
  <datafield tag="942" ind1=" " ind2=" ">
    <subfield code="2">ddc</subfield>
    <subfield code="c">BK</subfield>
  </datafield>
  <datafield tag="999" ind1=" " ind2=" ">
    <subfield code="c">12453</subfield>
    <subfield code="d">12453</subfield>
  </datafield>
  <datafield tag="952" ind1=" " ind2=" ">
    <subfield code="0">0</subfield>
    <subfield code="1">0</subfield>
    <subfield code="2">ddc</subfield>
    <subfield code="4">0</subfield>
    <subfield code="7">0</subfield>
    <subfield code="a">CPL</subfield>
    <subfield code="b">CPL</subfield>
    <subfield code="c">GEN</subfield>
    <subfield code="d">2018-04-15</subfield>
    <subfield code="e">Donaci&#xF3;n</subfield>
    <subfield code="l">4</subfield>
    <subfield code="o">796.334 / M941e</subfield>
    <subfield code="p">430005258</subfield>
    <subfield code="r">2025-10-21 09:12:44</subfield>
    <subfield code="s">2025-10-21</subfield>
    <subfield code="t">Ej.1</subfield>
    <subfield code="w">2021-03-10</subfield>
    <subfield code="y">BK</subfield>
  </datafield>
</record>
